00345nam a22001457a 4500003000400000005001700004008004100021020001500062040000700077082001400084100001400098245005400112260002500166300000800191OSt20211005090000.0211005b |||||||| |||| 00| 0 eng d a0333447999 chu a301./6odo aodotolak  asocilogy introductory an introdctory african text anew werkbhallc1985 a246